000 00865nam a22002537a 4500
001 06675
003 HDC
007 cr bn ---aaaaa
008 210124b20112011my ||||| |||| 00| 0 eng d
040 _aHDC
100 _aZainal Abidin bin Yahaya
_eauthor
_97116
245 0 _aMakanan Menurut Hukum Islam dan Kesihatan:
_bBab 2
_c/ Zainal Abidin bin Yahaya
260 _aMalaysia:
_bAcademy of Islamic Studies, UM,
_c2011
300 _a1 online resource (117 pages)
336 _atext
_2rdacontent
337 _acomputer
_2rdamedia
338 _aonline resource
_2rdacarrier
500 _aOriginally from: Hukum pengambilan makanan segera : kajian di Kentucky Fried Chicken (KFC), 2011 (pages 30-146)
650 _aConvenience foods
_xReligious aspects
_xIslam
_97117
650 _aMuslims
_xDietary laws
_9815
942 _2lcc
942 _cCHAP
942 _kEBCH 004282
999 _c3999
_d3999